000 01327cam a22003855i 4500
999 _c28429
_d28400
001 21442397
003 EG-ScBUE
005 20200812110053.0
008 200128s2019 enkab f b 001 0 eng d
020 _a9781912764518
020 _a1912764512
035 _a(OCoLC)on1131778147
040 _aYDX
_beng
_erda
_cYDX
_dYDXIT
_dOCLCF
_dUAB
_dDLC
_dEG-ScBUE
082 0 4 _a378
_bUNI
_222
245 0 4 _aThe University of the future /
_ceditors, Dan Remenyi, Kenneth A. Grant, Shawren Singh.
250 _aFirst edition.
264 1 _aReading, UK :
_bACPIL,
_c[2019]
264 4 _cc2019
300 _axv, 261 pages :
_billustrations (some color), maps ;
_c24 cm
336 _atext
_btxt
_2rdacontent
336 _astill image
_bsti
_2rdacontent
337 _aunmediated
_bn
_2rdamedia
338 _avolume
_bnc
_2rdacarrier
504 _aIncludes bibliographical references and index.
650 7 _aHistory
_xStudy and teaching.
_2BUEsh
650 7 _aAdult education.
_2BUEsh
650 7 _aUniversity extension.
_2BUEsh
653 _bGGEN
_cJuly2020
655 _vReading book
_934232
700 1 _aRemenyi, Dan,
_d1944-
_eeditor.
700 1 _aGrant, Ken,
_cProfessor,
_eeditor.
700 1 _aSingh, Shawren,
_eeditor.
942 _2ddc
_cBB